000 00479nam a22001697a 4500
005 20251108164751.0
008 250721s1969 xx 000 0 ara d
082 1 4 _a811.9563/ر
100 1 _aشيرعلي، رياض حمزة
245 1 0 _aشعر من النجف الأشرف /
264 1 _aبيروت :
_bالمكتب التجاري،
_c1969.
300 _a75ص : مص
650 1 7 _aالشعر العربي
650 1 7 _aالعراق
942 _2ddc
_cBK
999 _c13846
_d13846